[Event "IECG TE.2006.P.02212 email"]
[Site "IECG email"]
[Date "2006.06.19"]
[Round "?"]
[White "Mahrenholz, Tilman"]
[Black "Fernandez, German"]
[Result "1-0"]
[WhiteElo "1600"]
[BlackElo "2111"]
[PlyCount "41"]
[EventDate "2006.06.19"]
[EventType "tourn (corr)"]
[EventRounds "12"]
[SourceTitle "Corr 2024"]
[Source "ChessBase"]
[SourceDate "2023.10.19"]
[SourceVersion "1"]
[SourceVersionDate "2023.10.19"]
[SourceQuality "1"]

1. d4 f5 2. e4 fxe4 3. Nc3 Nf6 4. Bg5 Nc6 5. d5 Ne5 6. Qd4 Nf7 7. Bxf6 exf6 8. Qxe4+ Qe7 9. Nf3 f5 10. Qe2 a6 11. 0-0-0 Qxe2 12. Bxe2 Bc5 13. Bd3 0-0 14. Rd2 d6 15. Re1 Bd7 16. Rde2 Rad8 17. a3 g6 18. Nd1 Rfe8 19. b4 Bb6 20. Kd2 Kg7 21. Nb2 1-0

[Event "IECG CC.2005.0.00127 email"]
[Site "IECG email"]
[Date "2005.12.18"]
[Round "?"]
[White "Henkel, Alexander"]
[Black "Mahrenholz, Tilman"]
[Result "0-1"]
[WhiteElo "1700"]
[BlackElo "1600"]
[PlyCount "72"]
[EventDate "2005.12.18"]
[EventType "tourn (corr)"]
[EventRounds "6"]
[SourceTitle "Corr 2008"]
[Source "ChessBase"]
[SourceDate "2008.06.24"]
[SourceVersion "1"]
[SourceVersionDate "2008.06.24"]
[SourceQuality "1"]

1. e4 c5 2. Nf3 d6 3. d4 cxd4 4. Nxd4 Nf6 5. Nc3 a6 6. Bg5 e5 7. Nb3 Be7 8. Bc4 0-0 9. 0-0 Nc6 10. Qe2 Nxe4 11. Nxe4 Bxg5 12. Rad1 Be7 13. Rd2 Qc7 14. a3 Be6 15. Bd5 Bxd5 16. Rxd5 f5 17. Ng3 Bh4 18. Qd3 Bxg3 19. fxg3 Rad8 20. Rxf5 Qb6+ 21. Kh1 Ne7 22. Rxf8+ Rxf8 23. Nd2 Nxd5 24. Qxd5+ Kh8 25. h3 Qc6 26. Qxc6 bxc6 27. Kg1 d5 28. Nb3 e4 29. Nd2 c5 30. b3 g6 31. Nf1 Kg7 32. Nd2 h5 33. h4 Rf6 34. Nf1 Kf7 35. g4 d4 36. gxh5 e3 0-1